01101 2200169 4500245003700000020002200037250001100059100001800070650004600088005001900134260004200153041001400195084000800209500065900217490004600876336000900922 aEnergi LautcTutun NugrahahText a978-602-18942-0-0 aCet. 1 aTutun Nugraha aSeri Sains Energi Terbarukan: Energi Laut a20231116135241 aJakartabPELANGI ILMU NUSANTARAc2012 aIndonesia a503 aBuku ENERGI LAUT ini menjelaskan berbagai jenis energi terbarukan yang terkandung di laut dan peralatan yang dipergunakan untuk menangkap energi tersebut, misalnya energi ombak, energi arus laut, energi pasang surut, energi osmosis, dan energi termal laut. Saat ini peralatan atau instrumen yang dapat mengambil energi dari laut masih dalam tahap awal. Namun dengan kerja keras, kita berharap di masa datang akan diperoleh peralatan yang optimal dan handal. Dengan luasnya laut kita, hal ini memberikan harapan kepada kita kelak dimasa mendatang untuk mendapatkan energi listrik dari laut, sebagai energi yang terus-menerus tersedia dan ramah lingkungan. aSeri Sains Energi Terbarukan: Energi Laut atext